000 00727nam a2200205Ii 4500
003 JO-AjNU
008 230605s9999||||xx |||||||||||||| ||und||
040 _aJO-AjNU
_bara
_erda
_cJO-AjNU
041 _aara
050 1 4 _aD167 .J65 1983
100 3 _aتاليف يوسف، جوزيق نسيم,
_eauthor
_940442
245 0 0 _aالعرب و الروم و اللاتين في الحرب الصليبية 
264 3 1 _aالاسكندرية: مؤسسة شباب الجامعة، 1983
300 _a405ص
336 _atext
_btxt
_2rdacontent
337 _aunmediated
_bn
_2rdamedia
338 _avolume
_bnc
_2rdacarrier
490 0 _aمكتبة التاريخ الوسيط
650 4 _aصليبيون -- تاريخ 
_940443
999 _aA17163
_c20731
_d20731